000 00696nas a2200253 4500
001 BR7903082
003 BR-BrBNA
005 20231205083728.0
007 ta
008 230509b bl.|||p| |||| 00| 00por d
040 _aBR-BrBNA
_bpor
_cBiblioteca Nacional de Agricultura
041 _a(Pt)
072 _aL30
100 1 _aAnon.
245 1 _aCom palha e feno o gado se sustenta na entressafra
650 _aNutricao animal
650 _aGado
650 _aEngorda
650 _aPalhada
650 _aFerro
773 0 _tAgricultura e Pecuaria (Brazil)
_xISSN 0100-249X
_g(Sep 1978), (no. 625) p. 24-26
_wBR7903082
909 _a202311
_bLúcia
_c55
_dLúcia Elande
942 _2AGRIS
_n0
_cANA
999 _c100814
_d100814